Congresso regional sobre documentacao.

Uloženo v:
Podrobná bibliografie
Korporace: Federacao Internacional de Documentacao, Congresso regional sobre documentacao
Médium: Konferenční příspěvek Kniha
Témata:
Tagy: Přidat tag
Žádné tagy, Buďte první, kdo vytvoří štítek k tomuto záznamu!

MARC

LEADER 00000cam^a2200000uu^4500
001 000486921
005 20250521000000.0
008 032509s1972^^^^^^^^^^^^rd^r^^000^0^^^^^d
009 20260310125231.968
035 |a FCE 000030084 
035 |a FCE 032871 
037 |a Acervo ITESO - Biblioteca 
041 |a por spa 
082 0 4 |a 029.063  |b FEDc 
110 |a Federacao Internacional de Documentacao 
245 1 0 |a Congresso regional sobre documentacao. 
264 |a Rio de Janeiro :  |b IBBD,  |c 1972. 
300 |a 491 p. 
336 |a texto  |b txt  |2 rdacontenido 
337 |a sin mediación  |b n  |2 rdamedio 
338 |a volumen  |b nc  |2 rdasoporte 
611 4 |a Congreso 
649 |a XX 
650 |a Documentación 
650 |a Sistema de información 
650 |a América Latina 
711 |a Congresso regional sobre documentacao  |c Lima, Perú)  |d 20-24 sep. 1971 :  |n (3 : 
910 |a Fondo Centro de Estudios Educativos 
920 |a Impresos - Libros 
930 |a Fondos Especiales 
905 |a 133 
901 |a ALE032871  |b IT2  |c CEE  |u 20250521 
902 |a https://opac.biblio.iteso.mx/vufind/Record/000486921